000
00292 a2200133 4500
000
nam a22 7a 4500
100
_a
Crystal
110
_a
Crystal
245
_a
Ecology: The economy of nature
250
_a
Latest edition
260
_b
B P
_c
2026
264
_b
B P
_c
2026
942
_c
BK
999
_c
396059
_d
396059